000 00956cam a2200205 4500
001 ABS66810
008 030701n2003 000 0 eng u
035 _a(Sirsi) u122835
100 _aBooty, F.
245 _aEffective security planning: surveys and threat assessments
260 _c2003
490 _aRICS Facilities Management Faculty Feature
_v30 June 2003(6)
520 _aDiscusses the requirements of pro-active security, including security surveys, threat assessments, matching security and business strategies, and training. The feature goes on to consider basic security planning, the scope and elements of a security plan, the components of site security. Includes links to further sources of information and relevant features in the same series. View at www.rics.org/fm.
590 _aABS
650 _aRISK ASSESSMENT
650 _aSECURITY
650 _aSECURITY PLANS
690 _aMANAGEMENT-FACILITIES MANAGEMENT
942 _n0
999 _c72962
_d72962